| 000 | 01411nam a22002417a 4500 | ||
|---|---|---|---|
| 003 | OSt | ||
| 005 | 20250224114610.0 | ||
| 008 | 250224s2001 |||||||| |||| 00| 1 spa d | ||
| 020 | _a9505116187 | ||
| 040 | _cbesoc | ||
| 245 | 0 | 0 | _aEscritos de futuro |
| 260 |
_aBuenos Aires : _bAlfaguara, _c2001 |
||
| 300 | _a109 p. | ||
| 490 | 0 | _aAlfaguara juvenil | |
| 520 | _aEste libro tiene muchos autores, pero no está completo. Cada uno de los lectores tendrá la posibilidad de completarlo, de reconstruir sus fragmentos, de responder a sus preguntas, de sugerir otras, de escribirlo y garabatearlo, de ejercer la libertad y el derecho de tomarlo como propio. Por eso, las formas abiertas, los puntos suspensivos, los silencios, las sensaciones inconexas e intransferibles. En esos espacios está el lugar del lector, protagonista principal de estas páginas. Todos los textos del libro tienen un tema en común: el futuro. Avances de la tecnología. Explicaciones filosóficas. Intentos por entender de que vendrá con el devenir de la historia. [Nota del editor] | ||
| 650 | 4 |
_aLiteratura universal _vCuentos _xCine _vFragmentos |
|
| 700 | 1 |
_aWells, H. G. (Herbert George), _d1866-1946 _eautor |
|
| 700 | 1 |
_aBioy Casares, Adolfo, _d1914-1999, _eautor |
|
| 700 | 1 |
_aLeonardo da Vinci, _d1452-1519, _eautor |
|
| 700 | 1 |
_aGodard, Jean Luc, _eautor |
|
| 700 | 1 |
_aClarke, Arthur C., _e1917-2008 |
|
| 942 |
_2udc _cOG _n0 |
||
| 999 |
_c453 _d453 |
||